Estadísticas para Monosacáridos y disacáridos

Haz click aquí para intentar la prueba.

Estadísticas generales

  • Esta prueba ha sido intentada 4 veces
  • La puntuación promedio es 7 de 12

Estadísticas de respuestas

Respuesta% Correcto
D-fructosa (cetohexosa)
100%
D-glucosa (aldohexosa)
100%
Lactosa
100%
D-ribosa/aldopentosa
75%
Sacarosa
75%
D-desoxirribosa/desoxialdopentosa
50%
D-galactosa (aldohexosa)
50%
D-manosa (aldohexosa)
50%
L-gliceraldehido/aldotriosa
50%
Dihidroxiacetona/cetotriosa
25%
L-eritrosa/aldotetrosa
25%
Maltosa
0%

Distribución de puntuación

Porcentaje por número respondido

Porcentaje de gente con cada puntuación

Historial de tus puntuaciones

No has intentado esta prueba.